20 titres les plus écoutés de Babymetal - Statistiques

Statistiques générales
  • Ce quiz a été pris 4 fois
  • Le résultat moyen est 12 sur 20
Statistiques - réponses
Nb. d'écoutes Album Note % Correct
+ 133 000 000 BABYMETAL Gimme Chocolate!! (ギミチョコ!!)
100%
+ 75 000 000 BABYMETAL Headbangeeeeerrrrr!!!!! (ヘドバンギャー!!)
100%
+ 73 000 000 BABYMETAL Megitsune (メギツネ)
100%
+ 33 000 000 Metal Galaxy BxMxC
67%
+ 20 000 000 BABYMETAL Doki Doki ☆ Morning (ド・キ・ド・キ☆モーニング)
67%
+ 26 000 000 METAL FORTH from me to u (feat. Poppy)
67%
+ 16 400 000 BABYMETAL Ijime, Dame, Zettai (イジメ、ダメ、ゼッタイ)
67%
+ 57 000 000 METAL RESISTANCE KARATE
67%
+ 323 000 000 POST HUMAN: SURVIVAL HORROR Kingslayer (feat. BABYMETAL) Bring Me The Horizon (feat. BABYMETAL)
67%
+ 24 000 000 METAL FORTH METALI!! (feat. Tom Morello)
67%
+ 49 000 000 Metal Galaxy PA PA YA!! (feat. F.HERO)
67%
+ 115 000 000 METAL FORTH RATATATA (feat. Electric Callboy)
67%
+ 16 300 000 METAL FORTH Song 3 (feat. Slaughter to Prevail)
67%
+ 48 000 000 Pink Tape The End (feat. BABYMETAL) Lil Uzi Vert (feat. BABYMETAL)
67%
+ 25 000 000 THE OTHER ONE Monochrome
33%
+ 28 000 000 METAL RESISTANCE Road of Resistance
33%
+ 17 400 000 Metal Galaxy Shanti Shanti Shanti
33%
+ 16 600 000 METAL RESISTANCE YAVA! (ヤバッ! Yaba!; "Oh no!")
33%
+ 16 640 000 BABYMETAL Iine! (いいね!)
0%
+ 17 300 000 BABYMETAL Onedari Daisakusen (おねだり大作戦)
0%
Aucun quiz correspondant
Distribution des résultats
% des personnes avec chaque résultat
Percentile par nombre de réponses
Votre historique - résultats
Vous n’avez pas pris ce quiz